Sonnets for Helen / (Record no. 21949)
[ view plain ]
| 000 -LEADER | |
|---|---|
| fixed length control field | 01095cam a22003132 4500 |
| 001 - CONTROL NUMBER | |
| control field | 21949 |
| 003 - CONTROL NUMBER IDENTIFIER | |
| rucl marc code | BD-RjUL |
| 005 - DATE AND TIME OF LATEST TRANSACTION | |
| control field | 20211209000741.0 |
| 008 - FIXED-LENGTH DATA ELEMENTS--GENERAL INFORMATION | |
| fixed length control field | 140306s1972 enk 000 1 mul d |
| 020 ## - INTERNATIONAL STANDARD BOOK NUMBER | |
| International Standard Book Number | 0048410012 |
| 035 ## - SYSTEM CONTROL NUMBER | |
| System control number | OCLC ocm00742970 from D960918M |
| -- | (BD-RjUL)22014 |
| 040 ## - CATALOGING SOURCE | |
| Original cataloging agency | PIT |
| Transcribing agency | PIT |
| Modifying agency | OCL |
| -- | EQO |
| -- | BD-RjUL |
| Language of cataloging | eng |
| 041 0# - LANGUAGE CODE | |
| Language code of text/sound track or separate title | fre |
| Language code of summary or abstract | eng |
| 082 04 - DEWEY DECIMAL CLASSIFICATION NUMBER | |
| Classification number | 808.1 |
| Author mark and year | ROS 1972 |
| 090 ## - LOCALLY ASSIGNED LC-TYPE CALL NUMBER (OCLC); LOCAL CALL NUMBER (OCLC) | |
| Classification number (OCLC) (R) ; Classification number, CALL (RLIN) (NR) | PQ1676 |
| Local cutter number (OCLC) ; Book number/undivided call number, CALL (RLIN) | .S8 1972 |
| 100 1# - MAIN ENTRY--PERSONAL NAME | |
| Personal name | Ronsard, Pierre de, |
| Dates associated with a name | 1524-1585. |
| 9 (RLIN) | 67764 |
| 245 10 - TITLE STATEMENT | |
| Title | Sonnets for Helen / |
| Statement of responsibility, etc. | With English renderins by Humbert Wolfe. |
| 260 ## - PUBLICATION, DISTRIBUTION, ETC. (IMPRINT) | |
| Place of publication, distribution, etc. | London : |
| Name of publisher, distributor, etc. | G. Allen & Unwin, |
| Date of publication, distribution, etc. | 1972. |
| 300 ## - PHYSICAL DESCRIPTION | |
| Pagination | xxviii, LXXIX p. ; |
| Size | 20 cm. |
| 500 ## - GENERAL NOTE | |
| General note | Reprint of ed. published 1934. |
| General note | English verse translation and its French sonnet on each page. |
| General note | French title: Sonnets pour Hélène. |
| 600 10 - SUBJECT ADDED ENTRY--PERSONAL NAME | |
| Personal name | Surgères, Hélène de. |
| 650 #0 - SUBJECT ADDED ENTRY--TOPICAL TERM | |
| Topical term or geographic name as entry element | French poetry |
| General subdivision | Translations into English. |
| 9 (RLIN) | 67766 |
| Topical term or geographic name as entry element | English poetry |
| General subdivision | Translations, French. |
| 9 (RLIN) | 67767 |
| 700 1# - ADDED ENTRY--PERSONAL NAME | |
| Personal name | Wolf, Humbert, |
| Dates associated with a name | 1885-1940. |
| 942 ## - ADDED ENTRY ELEMENTS (KOHA) | |
| Source of classification or shelving scheme | Dewey Decimal Classification |
| Koha item type | Books |
| Lost status | Source of classification or shelving scheme | Damaged status | Not for loan | Permanent Location | Current Location | Shelving location | Date acquired | Source of acquisition | Cost, normal purchase price | Total Checkouts | Full call number | Date last seen | Copy number | Koha item type |
|---|---|---|---|---|---|---|---|---|---|---|---|---|---|---|
| Dewey Decimal Classification | Added to bundle | Central Library, University of Rajshahi | Central Library, University of Rajshahi | Reading Room | 14/06/1975 | Jonathan wrean and cop. | 3.75 | 808.1 ROS 1972 | 06/03/2014 | C-1 | Books |